Представление документа в формате MARC21

ПолеНазваниеЗначение
  Тип записи a
  Библиографический уровень m
001 Контрольный номер RU\infra-m\znanium\bibl\2235470
005 Дата корректировки 20260429142349.6
008 Кодируемые данные 251204s2025 RU g rus u
020 Индекс ISBN __
a ISBN 978-5-16-019945-0
020 Индекс ISBN __
a ISBN 978-5-16-107610-1 (электр. издание)
040 Источник каталогиз. __
a Служба первич. каталог. Общество с ограниченной ответственностью «ЗНАНИУМ»
041 Код языка издания __
a Код языка текста rus
044 Код страны публикации __
a Код страны публикации RU
080 Индекс УДК __
a Индекс УДК 665.6(075.8)
084 Индекс другой классификации/Индекс ББК __
2 Источник индекса rubbk
a Индекс другой классификации/Индекс ББК 35.514я73
084 Индекс другой классификации/Индекс ББК __
2 Источник индекса okso
a Индекс другой классификации/Индекс ББК 21.03.01
084 Индекс другой классификации/Индекс ББК __
2 Источник индекса okso
a Индекс другой классификации/Индекс ББК 21.04.01
100 Автор __
a Автор Рябов В.Д.
q Полное имя Рябов Владимир Дмитриевич
u Дополнение Российский государственный университет нефти и газа (НИУ) им. И.М. Губкина
245 Заглавие __
a Заглавие Химия нефти и газа
b Продолж. заглавия Учебное пособие
c Ответственность Российский государственный университет нефти и газа (НИУ) им. И.М. Губкина
250 Сведения об издании __
g испр. и доп.
a Основные сведения об издании 3
260 Выходные данные __
a Место издания Москва
b Издательство ООО "Научно-издательский центр ИНФРА-М"
c Дата издания 2026
300 Физическое описание __
a Объем 311 с.
440 Серия __
a Серия Высшее образование
520 Аннотация __
a Аннотация В учебном пособии приведены современные данные о составе и свойствах углеводородов и других соединений нефти и газа о физико-химических способах и методах разделения и идентификации компонентов нефти (молекулярная спектроскопия масс-спектрометрия спектроскопия ЯМР электронного парамагнитного резонанса атомно-адсорбционная спектроскопия нейтронно-активационный анализ). Рассмотрены химизм и механизм термических и каталитических превращений компонентов нефти в основных процессах переработки нефтяного сырья а также проблемы происхождения нефти и превращения нефти в окружающей среде. Соответствует требованиям федеральных государственных образовательных стандартов высшего образования последнего поколения. Предназначено для обучения по курсу «Химия нефти и газа» для подготовки бакалавров магистров и дипломированных специалистов по направлению подготовки «Нефтегазовое дело». Может быть использовано для обучения по другим направлениям в вузах нефтегазового профиля и представлять интерес для специалистов работающих в области химии и технологии переработки нефти и в других сферах нефтяной и газовой промышленности.
521 Примеч. о цел. назн. __
a Примеч. о целев. назн. ВО - Бакалавриат
650 Тематические рубрики __
a Основная рубрика Промышленность. Энергетика
x Основная подрубрика Технология неорганических веществ и основных химических продуктов
655 Указ. предметных рубрик (устаревшее) __
a Жанр/ форма (устаревшее) Учебное пособие
856 Электронный адрес документа 4_
a Имя сервера/домена znanium.ru
m Помощь ebs_support@infra-m.ru
n Местонахождение сервера НИЦ ИНФРА-М
u URL https://znanium.ru/catalog/document?id=474463
856 Электронный адрес документа 48
a Имя сервера/домена znanium.ru
d Путь /cover/2235
f Электронное имя 2235470.jpg
q Тип электронного формата image/jpeg
u URL https://znanium.ru/cover/2235/2235470.jpg
911 __
u 0030=https://znanium.ru/catalog/document?id=474463